Normal view
MARC view
- Ardila, Alfredo
Entry Nombre Personal
001 - NUMERO DE CONTROL
- campo de control: 32892
003 - IDENTIFICADOR DE NUMERO DE CONTROL
- campo de control: MX-MxUPN
005 - FECHA Y HORA DE LA ÜLTIMA TRANSACCIÓN
- campo de control: 20220215141215.0
008 - DATOS DE LONGITUD FIJA
- campo de control de longitud fija: 220215|||acannaabn a |na |d
035 ## - NUMERO DE CONTROL
- Número de control: UPN11000004999
040 ## - FUENTE DE CATALOGACIÓN
- Agencia original de catalogación: MX-MxUPN
- Lenguaje de catalogación: spa
- Agencia de transcripción: MX-MxUPN
100 1# - ENCABEZAMIENTO - NOMBRE PERSONAL
- Nombre personal: Ardila, Alfredo
670 ## - FUENTE EN LA QUE SE LOCALIZARON DATOS
- Cita de la fuente: Aspectos biológicos de la memoria y el aprendizaje, 1979:
- Información localizada: portada (Alfredo Ardila)
902 ## - CATALOGADOR
- Catalogador: CAA/051212
